Estado Laico : (Record no. 22923)

000 -CABECERA
fixed length control field 01275nam a22002417i 4500
003 - IDENTIFICADOR DEL NÚMERO DE CONTROL
control field AR-CdUCM
008 - DATOS DE LONGITUD FIJA--INFORMACIÓN GENERAL
fixed length control field 240529b20232023 pe||||| |||| 00| 0 spa d
020 ## - NÚMERO INTERNACIONAL ESTÁNDAR DEL LIBRO
ISBN 978-612-49275-0-8
040 ## - FUENTE DE LA CATALOGACIÓN
Agencia/entidad que catalogó originalmente la obra MUNICIPALIDAD PROVINCIAL DEL CUSCO
Entidad que transcribió la catalogación BIBLIOTECA MUNICIPAL DEL CUSCO
082 ## - NÚMERO DE LA CLASIFICACIÓN DECIMAL DEWEY
No. de Clasificación 342.2 / P29
Notacion interna P29
100 ## - ENTRADA PRINCIPAL--NOMBRE DE PERSONA
Nombre Personal Paulett Silva, Kori.
245 ## - MENCIÓN DE TÍTULO
Título Estado Laico :
Resto del título la relación Estado-iglesia en el Perú y el mundo : estudio histórico y constitucional /
260 ## - PUBLICACIÓN, DISTRIBUCIÓN, ETC.
Lugar de publicación, distribución, etc. Lima :
Nombre de la editorial, distribuidor, etc. Aviv House Editorial,
Fecha de publicación, distribución, etc. 2023
300 ## - DESCRIPCIÓN FÍSICA
Nº de Páginas Extensión 260 páginas. :
Dimensiones 21 cm.
500 ## - NOTA GENERAL
Bibliografía Bibliografía: páginas 225 - 260
505 ## - NOTA DE CONTENIDO CON FORMATO
Nota de contenido formateada Laicidad -- Razones para contar con un Estado laico -- Secularización -- Relación Estado-Iglesia católica en la historia Universal -- Relación Estado-Iglesia católica en la historia Colonial y Republicana del Perú -- Período de estado aconfesional -- Medidas necesarias para la consolidación del estado laico peruano -- Eliminación del vicariato castrense
650 ## - PUNTO DE ACCESO ADICIONAL DE MATERIA--TÉRMINO DE MATERIA
Descriptor Laicidad
9 (RLIN) 50006
650 ## - PUNTO DE ACCESO ADICIONAL DE MATERIA--TÉRMINO DE MATERIA
Descriptor Razones para contar con un Estado laico
9 (RLIN) 50007
650 ## - PUNTO DE ACCESO ADICIONAL DE MATERIA--TÉRMINO DE MATERIA
Descriptor Secularización
9 (RLIN) 50008
650 ## - PUNTO DE ACCESO ADICIONAL DE MATERIA--TÉRMINO DE MATERIA
Descriptor Relación Estado-Iglesia católica en la historia Colonial y Republicana del Perú
9 (RLIN) 50009
942 ## - ELEMENTOS DE PUNTO DE ACCESO ADICIONAL (KOHA)
Fuente de clasificación
Tipo de item Libros-BMC
945 ## - PROCESAMIENTO DE INFORMACIÓN LOCAL (OCLC)
Catalogador pbj
AAAA-MM-DD - Fecha de ingreso o modificacion 2024-05-29
Holdings
Estado de retiro (separado) Fuente de clasificación o esquema de estanterías Estado dañado Ubicación Sala donde se ubica Nombre de la colección Fecha de adquisición o compra Fuente de adquisición Costo, precio normal en soles Signatura topográfica Código de Barras Última vez visto (Koha) Tipo de ítem (Koha)
No     Sala Humanidades Sala Humanidades Book Cart 2024-05-29 Donacion 10.00 342.2 / P29 SH0000016760 2024-05-29 Libros-BMC

Powered by Koha